00748 2200169 4500245005500000020001800055250001100073100001800084650001600102005001900118260003100137041001400168084000800182300002900190500035000219336000900569 aSakitnya Tuh Nggak di Sini !!c@tulisancintahText a979-795-956-2 aCet. 1 a@tulisancinta aNovel Fiksi a20231010110837 aJakartabWahyu Qalbuc2015 aIndonesia a813 aviii, 180 hlm. :c19 cm. a"kita putus"gimana perasaan lo kalo si doi bilang PUTUS? katanya,lo terlalu baikbuat dia. dia pengen jadi kakak-adik aja. Haisss, padahal dia udah punya gebetan lain. kampr*tt banget 'kan, brai? SAKITNYA TUH DISINI.....*NUNJUK DADA. galau, sedih, mewek, nggak nafsu makan, sampe ngapusin foyo kenangan,pasti lo lakuin buat ngelupain sang mantan. atext